000 00283 a2200121 4500
000 nam a22 7a 4500
005 20260130122211.0
020 _a9781835350720
100 _aPink D.
_91112938
245 _aPsychology Of Forensic
260 _bEdtech Press
_c2026
942 _cTEXL
999 _c1678417
_d1678417